The appraiser's workbook (Record no. 107167)

MARC details
000 -LEADER
fixed length control field 00965cam a22002655a 4500
001 - CONTROL NUMBER
control field L138445
008 - FIXED-LENGTH DATA ELEMENTS--GENERAL INFORMATION
fixed length control field 070606s2007 xxud f 001 0 eng d
020 ## - INTERNATIONAL STANDARD BOOK NUMBER
International Standard Book Number 0922154309
035 ## - SYSTEM CONTROL NUMBER
System control number (Sirsi) u138445
041 0# - LANGUAGE CODE
Language code of text/sound track or separate title eng
050 04 - LIBRARY OF CONGRESS CALL NUMBER
Classification number 333.332 $2 18
100 1# - MAIN ENTRY--PERSONAL NAME
Personal name Akerson, Charles B
245 04 - TITLE STATEMENT
Title The appraiser's workbook
250 ## - EDITION STATEMENT
Edition statement 2nd ed.
260 ## - PUBLICATION, DISTRIBUTION, ETC.
Place of publication, distribution, etc. Chicago
Name of publisher, distributor, etc. Appraisal Institute
Date of publication, distribution, etc. 2007
300 ## - PHYSICAL DESCRIPTION
Extent xviii, 283.
Other physical details ill.
Dimensions 28cm.
350 ## - PRICE (NR) (BK AM CF MU VM SE) [OBSOLETE]
Price 32
505 2# - FORMATTED CONTENTS NOTE
Formatted contents note Introduction -- Problems -- Case studies -- Suggested solutions
520 ## - SUMMARY, ETC.
Summary, etc. Explains appraisal techniques and how to apply them systematically to real-world examples. Provides practical, mathmatically worked problems and exercises that arise in the valuation of real estate, commercial and residential. Instructional material. Financial tables.
590 ## - LOCAL NOTE (RLIN)
Local note ka
651 #4 - SUBJECT ADDED ENTRY--GEOGRAPHIC NAME
Geographic name United States
Chronological subdivision 1959-
690 ## - LOCAL SUBJECT ADDED ENTRY--TOPICAL TERM (OCLC, RLIN)
Topical term or geographic name as entry element PROPERTY-PROPERTY VALUATION AND APPRAISA
942 ## - ADDED ENTRY ELEMENTS (KOHA)
Suppress in OPAC 0
Holdings
Withdrawn status Lost status Source of classification or shelving scheme Damaged status Not for loan Home library Current library Shelving location Date acquired Cost, normal purchase price Total Checkouts Full call number Barcode Date last seen Copy number Cost, replacement price Price effective from Koha item type
    Dewey Decimal Classification     London London Books 23/08/2007 27.20   333.332 AKE 30073962 06/08/2019 1 27.20 06/08/2019 Book